[Event "Texas Collegiate Finals"]
[Site "Brownsville"]
[Date "2023.09.16"]
[Round "2.6"]
[White "Escalante Ramirez, Brian Sebastian"]
[Black "Khanin, Semen"]
[Result "0-1"]
[WhiteElo "2494"]
[BlackElo "2570"]
[PlyCount "108"]
[EventDate "2023.09.16"]
[EventType "team-tourn"]
[EventRounds "4"]
[EventCountry "USA"]
[SourceTitle "EXT 2024"]
[Source "ChessBase"]
[SourceDate "2023.10.10"]
[SourceVersion "1"]
[SourceVersionDate "2023.10.10"]
[SourceQuality "1"]
[WhiteTeam "Texas Dallas Univ II"]
[BlackTeam "Texas Tech Univ"]
[WhiteTeamCountry "USA"]
[BlackTeamCountry "USA"]

1. e4 e5 2. Nc3 Nf6 3. g3 d5 4. exd5 Nxd5 5. Bg2 Nxc3 6. bxc3 Nc6 7. Nf3 Bc5 8. 0-0 0-0 9. d3 f6 10. a4 Bg4 11. Qe1 Qd7 12. a5 Rad8 13. Be3 Bxe3 14. Qxe3 Bh3 15. Bxh3 Qxh3 16. Rfb1 b6 17. axb6 axb6 18. Ra4 Ne7 19. c4 Qg4 20. Kg2 Nd5 21. Qe1 Nf4+ 22. Kg1 Qxf3 23. gxf4 Rd4 24. Qe3 Qc6 25. Rab4 Rxf4 26. c5 Rxb4 27. Rxb4 Ra8 28. Qe4 Qxe4 29. dxe4 bxc5 30. Rb5 Ra4 31. Rxc5 Rxe4 32. Rxc7 h5 33. c4 Kh7 34. c5 Kg6 35. c6 Rc4 36. h3 f5 37. Rc8 Kg5 38. Kg2 e4 39. c7 Rc1 40. Kg3 Rc3+ 41. Kg2 Rc2 42. Kf1 Kf4 43. Ke1 g5 44. Kd1 Rc6 45. Ke2 Rc5 46. Ke1 g4 47. hxg4 hxg4 48. Ke2 Rc6 49. Kd1 Rd6+ 50. Ke1 Rd7 51. Ke2 Rf7 52. Ke1 Kf3 53. Kf1 f4 54. Ke1 Rd7 0-1

[Event "Sunnyvale Silicon Valley Fall op"]
[Site "Sunnyvale"]
[Date "2023.09.03"]
[Round "7"]
[White "Atanasov, Anthony"]
[Black "Escalante Ramirez, Brian Sebastian"]
[Result "1/2-1/2"]
[WhiteElo "2387"]
[BlackElo "2494"]
[PlyCount "33"]
[EventDate "2023.08.31"]
[EventType "swiss"]
[EventRounds "9"]
[EventCountry "USA"]
[SourceTitle "EXT 2024"]
[Source "ChessBase"]
[SourceDate "2023.10.10"]
[SourceVersion "1"]
[SourceVersionDate "2023.10.10"]
[SourceQuality "1"]

1. d4 e6 2. Bf4 c5 3. e3 Qb6 4. Nc3 Nf6 5. Nf3 a6 6. dxc5 Qxc5 7. Bd3 b5 8. e4 Bb7 9. e5 Nd5 10. Ne4 Qb6 11. Bg3 Nc6 12. 0-0 Be7 13. c3 h6 14. h4 Nd8 15. Nd4 Nc6 16. Nf3 Nd8 17. Nd4 1/2-1/2

[Event "Barcelona Sant Marti op-A 23rd"]
[Site "Barcelona"]
[Date "2023.07.18"]
[Round "6"]
[White "Alcala Gonzalez, Cesar"]
[Black "Escalante Ramirez, Brian Sebastian"]
[Result "0-1"]
[WhiteElo "2329"]
[BlackElo "2488"]
[PlyCount "48"]
[EventDate "2023.07.13"]
[EventType "swiss"]
[EventRounds "9"]
[EventCountry "ESP"]
[SourceTitle "CBM 215 Extra"]
[Source "ChessBase"]
[SourceDate "2023.09.30"]
[SourceVersion "1"]
[SourceVersionDate "2023.09.30"]
[SourceQuality "1"]

1. d4 d5 2. c4 e6 3. Nc3 Nf6 4. cxd5 exd5 5. Bg5 c6 6. Qc2 Bd6 7. e3 0-0 8. Bd3 h6 9. Bh4 Re8 10. Nge2 b5 11. h3 Na6 12. a3 b4 13. Na4 bxa3 14. bxa3 Qa5+ 15. Nec3 g5 16. Bg3 Bxg3 17. fxg3 Rxe3+ 18. Kf2 Re6 19. Rhe1 c5 20. Bxa6 cxd4 21. Bxc8 Rxe1 22. Rxe1 Rxc8 23. Qf5 Rc6 24. h4 dxc3 0-1

[Event "Barcelona Sant Marti op-A 23rd"]
[Site "Barcelona"]
[Date "2023.07.16"]
[Round "4"]
[White "Arenas Vanegas, David"]
[Black "Escalante Ramirez, Brian Sebastian"]
[Result "1-0"]
[WhiteElo "2418"]
[BlackElo "2488"]
[PlyCount "121"]
[EventDate "2023.07.13"]
[EventType "swiss"]
[EventRounds "9"]
[EventCountry "ESP"]
[SourceTitle "CBM 215 Extra"]
[Source "ChessBase"]
[SourceDate "2023.09.30"]
[SourceVersion "1"]
[SourceVersionDate "2023.09.30"]
[SourceQuality "1"]

1. e4 c5 2. Nf3 d6 3. d4 cxd4 4. Nxd4 Nf6 5. Nc3 g6 6. Be3 Bg7 7. f3 0-0 8. Qd2 Nc6 9. 0-0-0 d5 10. Nxc6 bxc6 11. Bh6 Bxh6 12. Qxh6 Rb8 13. e5 Nd7 14. Rd4 Re8 15. e6 Nf6 16. exf7+ Kxf7 17. Ra4 Qb6 18. b3 e5 19. Bd3 Qc5 20. Kb2 Rb4 21. Re1 Rxa4 22. Nxa4 Qd4+ 23. Kb1 Bf5 24. Qe3 Qxe3 25. Rxe3 e4 26. fxe4 Ng4 27. Rg3 dxe4 28. Bc4+ Kf6 29. h3 Nf2 30. Be2 e3 31. Kc1 h5 32. Nb2 h4 33. Rf3 Kg5 34. Nc4 Be4 35. Rxe3 Rf8 36. g3 hxg3 37. Rxg3+ Kf4 38. Rg1 Rh8 39. Nd6 Bf5 40. Nxf5 gxf5 41. Rg7 Rxh3 42. Rxa7 Rh1+ 43. Kb2 Re1 44. Bc4 Nd1+ 45. Ka3 c5 46. Ka4 Nc3+ 47. Ka5 Rc1 48. Kb6 Rxc2 49. a4 Ne4 50. Rc7 Nd2 51. Rxc5 Nxc4+ 52. bxc4 Rb2+ 53. Rb5 Rxb5+ 54. cxb5 Ke3 55. Kc5 f4 56. b6 f3 57. b7 f2 58. b8Q f1Q 59. Qb3+ Kd2 60. Qb2+ Ke3 61. Qd4+ 1-0

[Event "Barbera del Valles op 45th"]
[Site "Barbera del Valles"]
[Date "2023.07.07"]
[Round "4"]
[White "Escalante Ramirez, Brian Sebastian"]
[Black "Vehi Bach, Victor Manuel"]
[Result "1-0"]
[WhiteElo "2488"]
[BlackElo "2215"]
[PlyCount "93"]
[EventDate "2023.07.04"]
[EventType "swiss"]
[EventRounds "9"]
[EventCountry "ESP"]
[SourceTitle "CBM 215 Extra"]
[Source "ChessBase"]
[SourceDate "2023.09.30"]
[SourceVersion "1"]
[SourceVersionDate "2023.09.30"]
[SourceQuality "1"]

1. e4 c5 2. Nf3 e6 3. d4 cxd4 4. Qxd4 a6 5. Bd3 Nc6 6. Qe3 Nf6 7. 0-0 d6 8. c4 Nb4 9. Rd1 Qc7 10. h3 Be7 11. b3 0-0 12. Ba3 Nxd3 13. Qxd3 Rd8 14. Nc3 b6 15. Rd2 Bb7 16. Rad1 Rac8 17. Qe3 Bf8 18. Bb4 e5 19. Qe1 b5 20. cxb5 a5 21. Ba3 Qxc3 22. Rc1 Qxc1 23. Bxc1 Nxe4 24. Re2 Nc3 25. Rc2 Nxb5 26. Rxc8 Rxc8 27. Bb2 Rc2 28. Qxa5 Rxb2 29. Qxb5 Bxf3 30. gxf3 Rxa2 31. Qd5 Rb2 32. Kg2 g6 33. Qc4 Rd2 34. Qc3 Rd4 35. b4 d5 36. b5 Rb4 37. Qc6 d4 38. Qd5 h5 39. Kf1 Rb2 40. Qxe5 Bg7 41. Qe8+ Kh7 42. Qd7 Kh6 43. f4 Kh7 44. f5 Kh6 45. Qxf7 gxf5 46. Qxf5 h4 47. f4 1-0

[Event "American Continental 17th"]
[Site "Juan Dolio"]
[Date "2023.05.22"]
[Round "10"]
[White "Escalante Ramirez, Brian Sebastian"]
[Black "Galaviz Medina, Sion Radamantys"]
[Result "0-1"]
[WhiteElo "2489"]
[BlackElo "2398"]
[PlyCount "134"]
[EventDate "2023.05.15"]
[EventType "swiss"]
[EventRounds "11"]
[EventCountry "DOM"]
[SourceTitle "CBM 214 Extra"]
[Source "ChessBase"]
[SourceDate "2023.07.31"]
[SourceVersion "1"]
[SourceVersionDate "2023.07.31"]
[SourceQuality "1"]

1. e4 c5 2. Nc3 d6 3. Nf3 Nf6 4. d4 cxd4 5. Qxd4 Nc6 6. Qd3 g6 7. Nd5 Bg7 8. c3 0-0 9. Bg5 Nd7 10. Rd1 Nc5 11. Qe3 f6 12. Bf4 e5 13. Bg3 Bg4 14. h3 Bh5 15. Be2 a5 16. 0-0 Kh8 17. Nd2 f5 18. exf5 Bxe2 19. Qxe2 gxf5 20. Qh5 b5 21. Bh4 Qb8 22. Nb3 Nxb3 23. axb3 Ra7 24. f4 Raf7 25. fxe5 dxe5 26. Bf2 f4 27. Bc5 Rf5 28. Qf3 R8f7 29. Kh1 Qe8 30. Qe4 Bf8 31. Bb6 Qe6 32. Rf3 Qg6 33. Re1 Rg5 34. Rf2 Qxe4 35. Rxe4 Rd7 36. c4 bxc4 37. bxc4 Bb4 38. Rf3 Rdg7 39. Re2 R5g6 40. Kg1 Rb7 41. Bf2 Kg7 42. Kf1 Rf7 43. Rd3 Re6 44. Re4 Rg6 45. Nb6 Rd6 46. Nd5 Rg6 47. c5 Rb7 48. Nb6 Kf6 49. Nc4 Kf5 50. Re2 Rbg7 51. Rd5 Rxg2 52. Nxe5 Ne7 53. Rd7 Rh2 54. Nf3 Rh1+ 55. Bg1 Rgxg1+ 56. Nxg1 Bxc5 57. Rexe7 Rxg1+ 58. Ke2 Bxe7 59. Rxe7 Rg2+ 60. Kf1 Rxb2 61. Rxh7 a4 62. Ra7 Ra2 63. Rc7 a3 64. Rc3 Ke5 65. Rb3 Ra1+ 66. Kg2 a2 67. Rb2 Rg1+ 0-1

[Event "American Continental 17th"]
[Site "Juan Dolio"]
[Date "2023.05.19"]
[Round "7"]
[White "Henriquez Villagra, Cristobal"]
[Black "Escalante Ramirez, Brian Sebastian"]
[Result "1-0"]
[WhiteElo "2616"]
[BlackElo "2489"]
[PlyCount "47"]
[EventDate "2023.05.15"]
[EventType "swiss"]
[EventRounds "11"]
[EventCountry "DOM"]
[SourceTitle "CBM 214 Extra"]
[Source "ChessBase"]
[SourceDate "2023.07.31"]
[SourceVersion "1"]
[SourceVersionDate "2023.07.31"]
[SourceQuality "1"]

1. e4 c5 2. Nf3 d6 3. d4 cxd4 4. Nxd4 Nf6 5. Nc3 g6 6. Be2 Bg7 7. Be3 0-0 8. h4 h5 9. Qd2 Nc6 10. 0-0-0 Nxd4 11. Bxd4 Be6 12. Kb1 Qa5 13. a3 Rfc8 14. f4 Bh6 15. Rhf1 Ng4 16. Qe1 Rab8 17. f5 gxf5 18. exf5 Bc4 19. Bxg4 hxg4 20. Qxe7 Qd8 21. Qxd8+ Rxd8 22. Rfe1 f6 23. b3 Bf7 24. Ne4 1-0

[Event "American Continental 17th"]
[Site "Juan Dolio"]
[Date "2023.05.17"]
[Round "4"]
[White "Escalante Ramirez, Brian Sebastian"]
[Black "Leiva Rodriguez, Jeammarco Giuseppe"]
[Result "1-0"]
[WhiteElo "2489"]
[BlackElo "2392"]
[PlyCount "77"]
[EventDate "2023.05.15"]
[EventType "swiss"]
[EventRounds "11"]
[EventCountry "DOM"]
[SourceTitle "CBM 214 Extra"]
[Source "ChessBase"]
[SourceDate "2023.07.31"]
[SourceVersion "1"]
[SourceVersionDate "2023.07.31"]
[SourceQuality "1"]

1. e4 c5 2. Nc3 d6 3. Nf3 Nf6 4. e5 dxe5 5. Nxe5 a6 6. a4 Qc7 7. d4 e6 8. Bf4 Bd6 9. Bg3 0-0 10. Qd3 Nc6 11. Nxc6 Qxc6 12. dxc5 Bxc5 13. Be2 e5 14. Bxe5 Ng4 15. Bxg4 Bxg4 16. 0-0 Rad8 17. Qe4 Qe6 18. Rae1 Rd7 19. Bxg7 Kxg7 20. h3 Bf5 21. Qe5+ Qxe5 22. Rxe5 Bd4 23. Rxf5 Rc8 24. Rf3 Rdc7 25. Rb1 Rc4 26. Ne2 Be5 27. c3 Rxa4 28. Nc1 Re4 29. Kf1 Re8 30. Nd3 Bd6 31. Ra1 Kg6 32. Ra5 R8e6 33. g4 f6 34. Rff5 Kg7 35. Rfd5 Kg6 36. Kg2 Kg7 37. Kf3 Bb8 38. Rd7+ Re7 39. Rxb7 1-0

[Event "Saint Louis Super Swiss"]
[Site "Saint Louis"]
[Date "2023.03.13"]
[Round "4"]
[White "Escalante Ramirez, Brian Sebastian"]
[Black "Jacobson, Brandon"]
[Result "1/2-1/2"]
[WhiteElo "2474"]
[BlackElo "2543"]
[PlyCount "124"]
[EventDate "2023.03.12"]
[EventType "swiss"]
[EventRounds "9"]
[EventCountry "USA"]
[SourceTitle "CBM 213 Extra"]
[Source "ChessBase"]
[SourceDate "2023.05.31"]
[SourceVersion "1"]
[SourceVersionDate "2023.05.31"]
[SourceQuality "1"]

1. e4 c5 2. Nf3 d6 3. d4 cxd4 4. Qxd4 Nf6 5. Nc3 Nc6 6. Qd3 g6 7. Nd5 Bg7 8. c3 0-0 9. Be2 Nd7 10. 0-0 e6 11. Ne3 Nc5 12. Qc2 f5 13. exf5 gxf5 14. Rd1 Qc7 15. Nf1 Kh8 16. Ng5 h6 17. Nf3 Qe7 18. Ng3 f4 19. Nh5 e5 20. Qg6 Bf5 21. Qxg7+ Qxg7 22. Nxg7 Kxg7 23. Rxd6 Rad8 24. Rxd8 Rxd8 25. b3 Bg4 26. Kf1 Nd3 27. Ne1 Bxe2+ 28. Kxe2 Nxe1 29. Kxe1 Kf6 30. Bb2 Kf5 31. Rd1 Rxd1+ 32. Kxd1 e4 33. c4 h5 34. Kd2 Ne7 35. b4 Ng6 36. g3 e3+ 37. fxe3 fxg3 38. hxg3 Kg4 39. Kd3 Kxg3 40. Ke4 Kf2 41. Bd4 h4 42. Bxa7 Ne5 43. Bb8 Nxc4 44. a4 h3 45. a5 Nd2+ 46. Kd3 Nf1 47. b5 Ng3 48. a6 bxa6 49. b6 h2 50. Bxg3+ Kxg3 51. b7 h1Q 52. b8Q+ Kg4 53. Qb4+ Kf5 54. Qa5+ Kg4 55. e4 Qb1+ 56. Kd4 Qb2+ 57. Kc4 Qb5+ 58. Qxb5 axb5+ 59. Kd4 b4 60. e5 b3 61. Kc3 Kf5 62. Kxb3 Kxe5 1/2-1/2

[Event "Pan American Intercollegiate-chT"]
[Site "Seattle"]
[Date "2023.01.08"]
[Round "6"]
[White "Escalante Ramirez, Brian Sebastian"]
[Black "Antipov, Mikhail Al"]
[Result "1/2-1/2"]
[WhiteElo "2468"]
[BlackElo "2599"]
[PlyCount "60"]
[EventDate "2023.01.05"]
[EventType "team-swiss"]
[EventRounds "6"]
[EventCountry "USA"]
[SourceTitle "CBM 212 Extra"]
[Source "ChessBase"]
[SourceDate "2023.03.31"]
[SourceVersion "1"]
[SourceVersionDate "2023.03.31"]
[SourceQuality "1"]
[WhiteTeam "Texas Dallas Univ II"]
[BlackTeam "Missouri Univ"]
[WhiteTeamCountry "USA"]
[BlackTeamCountry "USA"]

1. e4 e5 2. Nf3 Nc6 3. Nc3 Nf6 4. Be2 d5 5. exd5 Nxd5 6. 0-0 Nxc3 7. bxc3 e4 8. Ne1 Bd6 9. f3 exf3 10. Nxf3 0-0 11. d4 h6 12. Bd3 Be6 13. Qe1 Qd7 14. Qf2 a6 15. Nd2 f5 16. Nc4 b5 17. Nxd6 cxd6 18. a4 Bc4 19. axb5 axb5 20. Rxa8 Rxa8 21. Bxf5 Qf7 22. d5 Qxd5 23. Re1 Qf7 24. Be4 Qxf2+ 25. Kxf2 Rf8+ 26. Kg3 Ne7 27. Ba3 Rf6 28. Rd1 Nf5+ 29. Bxf5 Rxf5 30. Bxd6 Rd5 1/2-1/2

[Event "Chesterfield SPICE Cup op"]
[Site "Chesterfield"]
[Date "2022.12.20"]
[Round "4"]
[White "Aaron, Deepak"]
[Black "Escalante Ramirez, Brian Sebastian"]
[Result "0-1"]
[WhiteElo "2305"]
[BlackElo "2470"]
[PlyCount "124"]
[EventDate "2022.12.18"]
[EventType "swiss"]
[EventRounds "9"]
[EventCountry "USA"]
[SourceTitle "CBM 212 Extra"]
[Source "ChessBase"]
[SourceDate "2023.03.31"]
[SourceVersion "1"]
[SourceVersionDate "2023.03.31"]
[SourceQuality "1"]

1. c4 Nf6 2. Nc3 g6 3. d4 Bg7 4. e4 d6 5. f3 0-0 6. Nge2 c5 7. d5 Na6 8. h4 h5 9. Bg5 Nh7 10. Be3 e5 11. Qd2 Nc7 12. 0-0-0 a6 13. g4 hxg4 14. fxg4 Bxg4 15. Bh3 Bxh3 16. Rxh3 f5 17. exf5 gxf5 18. Bh6 f4 19. Rg1 Ne8 20. Ne4 Kh8 21. Bg5 Qd7 22. Qd3 b5 23. Qf3 Ra7 24. Rh2 b4 25. Rhg2 Qf5 26. h5 Raf7 27. Rg4 a5 28. Kd1 Nhf6 29. Bxf6 Nxf6 30. Nxd6 Qb1+ 31. Nc1 Nxg4 32. Nxf7+ Rxf7 33. Qxg4 Qf5 34. Qxf5 Rxf5 35. Nd3 e4 36. Nf2 Bd4 37. Ke1 e3 38. Nd3 f3 39. Rh1 a4 40. h6 Kh7 41. d6 Rf7 42. Rf1 Kxh6 43. d7 f2+ 44. Ke2 Rxd7 45. Nf4 Kg5 46. Nd5 Bxb2 47. Nxe3 Bd4 48. Nc2 b3 49. axb3 axb3 50. Nxd4 Rxd4 51. Rxf2 Rxc4 52. Kd3 Rc1 53. Rb2 c4+ 54. Kd2 Ra1 55. Kc3 Ra2 56. Rb1 Rc2+ 57. Kd4 b2 58. Rg1+ Kf4 59. Rf1+ Kg3 60. Rg1+ Kf2 61. Rh1 Kg2 62. Re1 c3 0-1

[Event "US Masters op"]
[Site "Charlotte"]
[Date "2022.11.27"]
[Round "8"]
[White "Schitco, Ivan"]
[Black "Escalante Ramirez, Brian Sebastian"]
[Result "1-0"]
[WhiteElo "2532"]
[BlackElo "2468"]
[PlyCount "73"]
[EventDate "2022.11.23"]
[EventType "swiss"]
[EventRounds "9"]
[EventCountry "USA"]
[SourceTitle "CBM 211 Extra"]
[Source "ChessBase"]
[SourceDate "2023.01.31"]
[SourceVersion "1"]
[SourceVersionDate "2023.01.31"]
[SourceQuality "1"]

1. c4 e6 2. g3 Nf6 3. Bg2 d5 4. Nf3 Nbd7 5. b3 dxc4 6. bxc4 e5 7. Bb2 Bd6 8. Nc3 c6 9. 0-0 0-0 10. Qc2 Re8 11. e3 Qa5 12. d4 exd4 13. exd4 Nf8 14. d5 Qb4 15. dxc6 Qxc4 16. Nd2 Qa6 17. Nce4 Nxe4 18. Nxe4 Be7 19. Nc5 Bxc5 20. Qxc5 b6 21. Qg5 Ng6 22. Rfe1 Be6 23. Qd2 Nf8 24. Re3 Rac8 25. Qd4 f6 26. Ra3 Qe2 27. Rxa7 Rcd8 28. Rxg7+ Kh8 29. Bf1 Qxf1+ 30. Rxf1 Rxd4 31. Rb7 Rg4 32. Re1 Rc8 33. Bxf6+ Kg8 34. c7 Rg6 35. Rxe6 Kf7 36. Rd6 Rxf6 37. Rd8 1-0

[Event "US Masters op"]
[Site "Charlotte"]
[Date "2022.11.25"]
[Round "4"]
[White "Escalante Ramirez, Brian Sebastian"]
[Black "Naroditsky, Daniel"]
[Result "0-1"]
[WhiteElo "2468"]
[BlackElo "2617"]
[PlyCount "80"]
[EventDate "2022.11.23"]
[EventType "swiss"]
[EventRounds "9"]
[EventCountry "USA"]
[SourceTitle "CBM 211 Extra"]
[Source "ChessBase"]
[SourceDate "2023.01.31"]
[SourceVersion "1"]
[SourceVersionDate "2023.01.31"]
[SourceQuality "1"]

1. e4 c6 2. Nf3 d5 3. exd5 cxd5 4. Ne5 Nc6 5. d4 a6 6. c4 e6 7. Nxc6 bxc6 8. Bd3 Bd6 9. 0-0 Ne7 10. c5 Bc7 11. Nd2 0-0 12. Nf3 Ng6 13. Re1 f6 14. Qc2 Qe8 15. h4 Kh8 16. Bd2 Qf7 17. h5 Ne7 18. h6 g5 19. g3 Qh5 20. Kg2 e5 21. Rh1 Qf7 22. Ne1 e4 23. Be2 f5 24. Bxg5 f4 25. Bh5 Ng6 26. g4 f3+ 27. Kf1 a5 28. Qd2 Ba6+ 29. Kg1 Qe6 30. Nc2 Nf4 31. Bxf4 Rxf4 32. Ne3 Rg8 33. Rh4 Qxh6 34. Qc1 Rfxg4+ 35. Nxg4 Rxg4+ 36. Rxg4 Qxh5 37. Rg3 Bxg3 38. fxg3 f2+ 39. Kxf2 Qh2+ 40. Ke3 Qxg3+ 0-1